Mezičas transformace - pohled zpátky.

Charakteristika niektorých výsledkov transformácie od januára 1991 do konca prvého štvrťroku 1992, osobitne v oblasti inflácie, nezamestnanosti, úhrnného produktu, vonkajších vzťahov. Hodnotenie dôležitého ukazovateľa, a to vývoja salda štátneho rozpočtu.

Guardado en:
Detalles Bibliográficos
Autor principal: Kupka, M.
Formato: Capítulo de libro
Lenguaje:checo
Materias:
Etiquetas: Agregar Etiqueta
Sin Etiquetas, Sea el primero en etiquetar este registro!

MARC

LEADER 00000naa a2200000 4500
001 r009651
005 20220831090524.6
041 0 |a cze 
044 |a [CS] 
245 1 0 |a Mezičas transformace - pohled zpátky.  |c M. Kupka 
520 |a Charakteristika niektorých výsledkov transformácie od januára 1991 do konca prvého štvrťroku 1992, osobitne v oblasti inflácie, nezamestnanosti, úhrnného produktu, vonkajších vzťahov. Hodnotenie dôležitého ukazovateľa, a to vývoja salda štátneho rozpočtu. 
610 2 0 |a transformácia 
610 2 0 |a ČSFR 
610 2 0 |a inflácia 
610 2 0 |a 1991-1992 
610 2 0 |a nezamestnanosť 
610 2 0 |a produkt spoločenský úhrnný 
610 2 0 |a vzťahy hospodárske vonkajšie 
610 2 0 |a rozpočet štátny 
100 1 |a Kupka, M.